| 000 | 00427nam a2200181 a 4500 | ||
|---|---|---|---|
| 001 | 1765802922121 | ||
| 003 | ACL | ||
| 005 | 20251215181959.0 | ||
| 008 | 251215s2008##################000#0#eng## | ||
| 020 | _a9780753824412 | ||
| 082 | 0 | 4 |
_a641.3 _bGIL |
| 100 | 1 |
_aGill, A. A., _eauthor. |
|
| 245 | 1 | 0 | _aTable Talk : |
| 260 |
_bPhoenix, _c2008. |
||
| 650 | 0 | _aDinners and dining. | |
| 942 | _cENGLISH | ||
| 040 |
_aACL _beng _cACL |
||
| 999 |
_c602574 _d602574 |
||